| 000 | 01724nam a22002657a 4500 | ||
|---|---|---|---|
| 999 |
_c62106 _d62106 |
||
| 003 | Ge_BSU | ||
| 005 | 20240711154745.0 | ||
| 008 | 240711s2023 ge ||||| |||| 00| 0 geo d | ||
| 020 | _a9789941851636 | ||
| 041 | _ageo | ||
| 080 | _a615 დ-22 | ||
| 100 |
_aდარნობიდი, ჯესიკა ა. _eავტორი. _922808 |
||
| 245 |
_aფარმაკოლოგია : _b საერთაშორისო მიდგომები ფარმაკოლოგიაში / _cჯესიკა ა. დარნობიდი ; თარგმანის ავტორები: გიგი გორგაძე, ოთარ ქონიაშვილი, გვანცა ხაჩიაშვილი [და სხვა] ; თარგმანის მთ. რედაქტორი ლუიზა გაბუნია. |
||
| 250 | _aმე-3 გამოცემა. | ||
| 264 |
_aთბილისი, _c2023. |
||
| 300 |
_a220, [6] გვ. ; _b 25 სმ. |
||
| 500 | _aიბეჭდება MCGrawHill Education-ის ნებართვით. | ||
| 546 | _aწიგნის საწყისი გვერდი ინგლისურ ენაზე. | ||
| 653 | _aფარმაკოლოგია. | ||
| 653 | _aმედიცინა | ||
| 700 |
_aგორგაძე, გიგი _eთარგმნის ავტორი _922809 |
||
| 700 |
_aქონიაშვილი, ოთარ _eთარგმნის ავტორი და სხვ _922810 |
||
| 700 |
_aგაბუნია, ლუიზა _e თარგმანის მთავარი რედაქტორი _96288 |
||
| 942 |
_2udc _cBK |
||